000 00408nam a2200157Ia 4500
008 240729s9999 xx 000 0 und d
022 _a2282-2054
245 0 _aEmergency Care Journal
260 _aItaly
260 _bPAGEPress Publications
650 _a Medicine (General)
650 _aMedicine
856 _uhttps://doaj.org/toc/3173968a7a9a42d19965e9a94ad751d5
942 _2ddc
942 _cDOAJEJ
999 _c70737
_d70737
945 _a1
_bMadushi Gamage
_c1
_dMadushi Gamage